000 00830nam a2200253Ia 4500
003 OSt
005 20220918171607.0
006 a|||||r|||| 00| 0
007 ta
008 220917b |||||||| |||| 00| 0 eng d
020 _a97831102552934 (hbk)
_c6917.53
024 _a266,079
037 _b35553, 16/08/2012, Segment Book Distributors
_cTextual
040 _aARTS
_cARTS
_beng
041 _2eng
_aeng
082 _aP111,32:3, Q2
100 _aLinden An Van
_937521
245 0 _aModal adjectives
_b English deontic and evaluative construction in synchrony and diachrony
260 _aBoston
_bDe Gruyter Mouton
_c2012
300 _axx,363p.
_ccm.
650 _aLINGUISTICS
942 _hP111,32:3, Q2
_cTEXL
_2CC
999 _c140303
_d140303